| 000 | 01107nas a2200349 4500 | ||
|---|---|---|---|
| 001 | BR2015005313 | ||
| 003 | BR-BrBNA | ||
| 005 | 20231205125727.0 | ||
| 007 | ta | ||
| 008 | 230509b bl.|||p| |||| 00| 00por d | ||
| 040 |
_aBR-BrBNA _bpor _cBiblioteca Nacional de Agricultura |
||
| 041 | _a(Pt) | ||
| 072 | _aL60; L50; U30 | ||
| 100 | 1 | _aSpinelli, M.O. | |
| 100 | 1 | _aCruz, R.J. da | |
| 100 | 1 | _aGodoy, C.M. dos S.C. de | |
| 100 | 1 | _aMotta, M.C. | |
| 100 | 1 | _aDamy, S.B. | |
| 245 | 1 | _aEstudo da variação sazonal dos parâmetros bioquímicos de roedores e lagomorfos do biotério da Faculdade de Medicina, Universidade de São Paulo, Brasil | |
| 650 | _aBIOTÉRIO | ||
| 650 | _aBIOQUÍMICA | ||
| 650 | _aMEMBRANA | ||
| 650 | _aPLÁSMA | ||
| 650 | _aROEDOR | ||
| 650 | _aCOELHO NOVA ZELANDIA | ||
| 650 | _aVARIAÇÃO SAZONAL | ||
| 650 | _aPESQUISA | ||
| 650 | _aLABORATÓRIO | ||
| 773 | 0 |
_tRevista Brasileira de Medicina Veterinária (Brazil) _xISSN 0100-2430 _g(Apr-Jun 2014), v. 36(2) p. 219-225 _wBR2015005313 |
|
| 909 |
_a202311 _bLúcia _c55 _dLúcia Elande |
||
| 942 |
_2AGRIS _n0 _cANA |
||
| 999 |
_c245793 _d245793 |
||